[Event "Hull 4NCL op-B"]
[Site "Hull"]
[Date "2023.09.08"]
[Round "1"]
[White "Gaffney, Samuel"]
[Black "Webb, Nicholas"]
[Result "1-0"]
[WhiteElo "1673"]
[BlackElo "1627"]
[PlyCount "87"]
[EventDate "2023.09.08"]
[EventType "swiss"]
[EventRounds "5"]
[EventCountry "ENG"]
[SourceTitle "EXT 2024"]
[Source "ChessBase"]
[SourceDate "2023.10.10"]
[SourceVersion "1"]
[SourceVersionDate "2023.10.10"]
[SourceQuality "1"]

1. d4 d5 2. c4 e6 3. Nc3 h6 4. cxd5 exd5 5. Bf4 c6 6. e3 Bd6 7. Bxd6 Qxd6 8. Bd3 Nf6 9. h3 0-0 10. Nf3 Nbd7 11. 0-0 Re8 12. Qc2 a6 13. Rac1 Qe7 14. Nd2 Nf8 15. Rce1 Be6 16. Nf3 Rac8 17. Ne5 c5 18. f4 b5 19. Qe2 Qa7 20. Qf2 Rc7 21. a3 Rec8 22. Ne2 c4 23. Bb1 a5 24. Nc3 Qb7 25. Re2 Ne4 26. Bxe4 dxe4 27. f5 Bd5 28. f6 g6 29. Qh4 Kh7 30. Ng4 h5 31. Ne5 Ne6 32. g4 b4 33. Nxd5 Qxd5 34. axb4 axb4 35. gxh5 g5 36. Qg4 c3 37. Qf5+ Kg8 38. h6 Qd8 39. h7+ Kh8 40. Nxf7+ Rxf7 41. Qxe6 Qd7 42. Qxd7 Rxd7 43. f7 Kg7 44. f8Q+ 1-0

[Event "BCF-chT4 2223 (4NCL)"]
[Site "England"]
[Date "2023.03.26"]
[Round "8.141"]
[White "Wabuti, Rose"]
[Black "Gaffney, Samuel"]
[Result "0-1"]
[WhiteElo "1620"]
[BlackElo "1833"]
[PlyCount "58"]
[EventDate "2022.11.05"]
[EventType "team-swiss"]
[EventRounds "11"]
[EventCountry "ENG"]
[SourceTitle "EXT 2024"]
[Source "ChessBase"]
[SourceDate "2023.10.10"]
[SourceVersion "1"]
[SourceVersionDate "2023.10.10"]
[SourceQuality "1"]
[WhiteTeam "She Plays To Win Uni"]
[BlackTeam "Iceni III"]
[WhiteTeamCountry "ENG"]
[BlackTeamCountry "ENG"]

1. Nf3 Nf6 2. g3 d5 3. d4 e6 4. Bg2 Be7 5. 0-0 0-0 6. c4 c6 7. Nc3 b6 8. a3 Bb7 9. Ne5 c5 10. dxc5 Bxc5 11. cxd5 exd5 12. Qb3 Ne4 13. Nxe4 dxe4 14. Bf4 Qe7 15. Rad1 g5 16. Qc4 gxf4 17. Bxe4 Bxe4 18. Qxe4 Nc6 19. Qxc6 Qxe5 20. b4 Be7 21. Rd7 fxg3 22. hxg3 Bf6 23. Kg2 Bh8 24. Rh1 Qxe2 25. Rh4 Bg7 26. Rxf7 Kxf7 27. Qd5+ Qe6 28. Rf4+ Bf6 29. Qh5+ Kg7 0-1

[Event "BCF-chT4 2223 (4NCL)"]
[Site "England"]
[Date "2023.01.08"]
[Round "4.102"]
[White "Gaffney, Samuel"]
[Black "Taylor, Robert P"]
[Result "1-0"]
[WhiteElo "1833"]
[BlackElo "1742"]
[PlyCount "39"]
[EventDate "2022.11.05"]
[EventType "team-swiss"]
[EventRounds "11"]
[EventCountry "ENG"]
[SourceTitle "EXT 2024"]
[Source "ChessBase"]
[SourceDate "2023.10.10"]
[SourceVersion "1"]
[SourceVersionDate "2023.10.10"]
[SourceQuality "1"]
[WhiteTeam "Iceni III"]
[BlackTeam "Ashfield III"]
[WhiteTeamCountry "ENG"]
[BlackTeamCountry "ENG"]

1. d4 c6 2. c4 Nf6 3. Nf3 d6 4. Nc3 Nbd7 5. e4 Qc7 6. Be2 e5 7. 0-0 Be7 8. Qc2 h6 9. b3 g5 10. d5 Nf8 11. Bd2 Ng6 12. g3 Bh3 13. Rfd1 Rg8 14. Bf1 Qd7 15. Qd3 Nf4 16. gxf4 gxf4+ 17. Kh1 Qg4 18. Bxh3 Qxh3 19. Rg1 Kd7 20. dxc6+ 1-0